000 00527nam a2200181Ia 4500
005 20250508163136.0
008 008 250505s9999 xx 000 0 eng d
037 _aBooks to be hide in OPAC
040 _aFEDL
_beng
_cFEDL
041 _aeng
_2eng
084 _a370.1, OAD/O
_qFEDL
100 _aOad Lakshmi Lal K
_9769630
245 0 _aShiksha ki darshnik prishtthbhumi
260 _aJaipur, India
_bHindi Granth Academic
_c1973
300 _a316p.
942 _cHB
_h370.1, OAD/O
999 _c1381107
_d1381107